| 000 | 00613nmc a2200241 a 4500 | ||
|---|---|---|---|
| 003 | AR-BaBNM | ||
| 005 | 20251128204537.0 | ||
| 008 | 197019s1993 ||||||||||||||000 | spa|| | ||
| 020 | _a950-24-0475-7 | ||
| 040 | _cAR-BaBNM | ||
| 100 | 1 | _aMartty, Hugo | |
| 245 | 1 | 0 | _aVamos a hacer juguetes infantiles con materiales desechables |
| 250 | _a4ยช ed. | ||
| 260 |
_aBuenos Aires _bAlbatros _c1993 |
||
| 300 | 0 |
_a121 p. _bil. |
|
| 490 | 0 | _aTus maravillas | |
| 650 | 4 | _aARTESANIAS | |
| 650 | 4 | _aJUGUETES | |
| 650 | 4 | _aDESECHOS | |
| 650 | 4 | _aMATERIAL ELABORADO POR EL ALUMNO | |
| 942 | _cBK | ||
| 998 | _cCarmen | ||
| 999 |
_c7851 _d7851 |
||